Essential statistics for the behaviourial science (Record no. 16805)

MARC details
000 -LEADER
fixed length control field 00474nam a2200169Ia 4500
008 - FIXED-LENGTH DATA ELEMENTS--GENERAL INFORMATION
fixed length control field 230917s9999||||xx |||||||||||||| ||und||
020 ## - ISBN
Price USD85
040 ## - CATALOGING SOURCE
-- 229504
Original cataloging agency VIVEKANANDA LIBRARY
041 ## - Language
-- English
082 ## - DDC NUMBER
Classification number 519.5 P939E
100 ## - MAIN ENTRY--PERSONAL NAME
Personal name Privitera, Gregory J
245 #0 - TITLE STATEMENT
Title Essential statistics for the behaviourial science
260 ## - PUBLICATION, DISTRIBUTION, ETC. (IMPRINT)
Place of publication, distribution, etc London
Name of publisher, distributor, etc Sage Publications
Date of publication, distribution, etc 2016
300 ## - PHYSICAL DESCRIPTION
Pages xxxv, 534 p.
500 ## - GENERAL NOTE
General note 2201 04/12/2015 KB15/208 10/12/2015 Main Budget
942 ## - ADDED ENTRY ELEMENTS (KOHA)
Koha item type Books
Holdings
Withdrawn status Lost status Damaged status Not for loan Location (home branch) Sublocation or collection (holding branch) Date acquired Koha issues (times borrowed) Koha full call number Accession No. Koha date last seen Koha item type
        VIVEKANANDA LIBRARY VIVEKANANDA LIBRARY 25/01/2016   519.5 P939E 355937 17/09/2023 Books
© Designed and Maintained by Vivekananda Library, MDU Rohtak